<?xml version="1.0" encoding="UTF-8"?>
<record
    xmlns:xsi="http://www.w3.org/2001/XMLSchema-instance"
    xsi:schemaLocation="http://www.loc.gov/MARC21/slim http://www.loc.gov/standards/marcxml/schema/MARC21slim.xsd"
    xmlns="http://www.loc.gov/MARC21/slim">

  <leader>00776nam a22002417a 4500</leader>
  <datafield tag="999" ind1=" " ind2=" ">
    <subfield code="c">36580</subfield>
    <subfield code="d">36580</subfield>
  </datafield>
  <controlfield tag="003">OSt</controlfield>
  <controlfield tag="005">20251028103419.0</controlfield>
  <controlfield tag="008">251028b           ||||| |||| 00| 0 spa d</controlfield>
  <datafield tag="020" ind1=" " ind2=" ">
    <subfield code="a">987-9028-19-8</subfield>
  </datafield>
  <datafield tag="040" ind1=" " ind2=" ">
    <subfield code="c">Biblioteca Ernesto S&#xE1;bato</subfield>
  </datafield>
  <datafield tag="092" ind1=" " ind2=" ">
    <subfield code="a">331.544</subfield>
    <subfield code="b">B457</subfield>
    <subfield code="e">BMB</subfield>
  </datafield>
  <datafield tag="100" ind1=" " ind2=" ">
    <subfield code="a">Bendini, M&#xF3;nica Isabel, coord.</subfield>
  </datafield>
  <datafield tag="245" ind1=" " ind2=" ">
    <subfield code="a">De golondrinas y otros migrantes</subfield>
    <subfield code="b">: trabajo rural y movilidad espacial en el norte de la Patagonia argentina  y regiones chilenas del centro-sur</subfield>
  </datafield>
  <datafield tag="260" ind1=" " ind2=" ">
    <subfield code="a">Buenos Aires</subfield>
    <subfield code="b">La Colmena</subfield>
    <subfield code="c">1999</subfield>
  </datafield>
  <datafield tag="300" ind1=" " ind2=" ">
    <subfield code="a">154 p.</subfield>
  </datafield>
  <datafield tag="440" ind1=" " ind2=" ">
    <subfield code="a">Cuadernos del GESA</subfield>
    <subfield code="n">; 3</subfield>
  </datafield>
  <datafield tag="650" ind1=" " ind2=" ">
    <subfield code="a">MIGRACI&#xD3;N INTERNA</subfield>
  </datafield>
  <datafield tag="650" ind1=" " ind2=" ">
    <subfield code="a">ARGENTINA</subfield>
  </datafield>
  <datafield tag="650" ind1=" " ind2=" ">
    <subfield code="a">RURALIDAD</subfield>
  </datafield>
  <datafield tag="650" ind1=" " ind2=" ">
    <subfield code="a">TRABAJADOR GOLONDRINA</subfield>
  </datafield>
  <datafield tag="700" ind1=" " ind2=" ">
    <subfield code="a">Martha Mabel Radonich, coord.</subfield>
  </datafield>
  <datafield tag="942" ind1=" " ind2=" ">
    <subfield code="2">ddc</subfield>
    <subfield code="c">BMB</subfield>
  </datafield>
  <datafield tag="952" ind1=" " ind2=" ">
    <subfield code="0">0</subfield>
    <subfield code="1">0</subfield>
    <subfield code="2">ddc</subfield>
    <subfield code="4">0</subfield>
    <subfield code="7">0</subfield>
    <subfield code="a">AR-FADEU</subfield>
    <subfield code="b">AR-FADEU</subfield>
    <subfield code="d">2025-10-28</subfield>
    <subfield code="i">27006</subfield>
    <subfield code="l">0</subfield>
    <subfield code="o">331.544 B457</subfield>
    <subfield code="p">27006</subfield>
    <subfield code="r">2025-10-28 00:00:00</subfield>
    <subfield code="w">2025-10-28</subfield>
    <subfield code="y">BMB</subfield>
  </datafield>
  <datafield tag="952" ind1=" " ind2=" ">
    <subfield code="0">0</subfield>
    <subfield code="1">0</subfield>
    <subfield code="2">ddc</subfield>
    <subfield code="4">0</subfield>
    <subfield code="7">0</subfield>
    <subfield code="a">AR-FADEU</subfield>
    <subfield code="b">AR-FADEU</subfield>
    <subfield code="d">2025-10-28</subfield>
    <subfield code="i">27007</subfield>
    <subfield code="l">0</subfield>
    <subfield code="o">331.544 B457</subfield>
    <subfield code="p">27007</subfield>
    <subfield code="r">2025-10-28 00:00:00</subfield>
    <subfield code="w">2025-10-28</subfield>
    <subfield code="y">BMB</subfield>
  </datafield>
  <datafield tag="952" ind1=" " ind2=" ">
    <subfield code="0">0</subfield>
    <subfield code="1">0</subfield>
    <subfield code="2">ddc</subfield>
    <subfield code="4">0</subfield>
    <subfield code="7">0</subfield>
    <subfield code="a">AR-FADEU</subfield>
    <subfield code="b">AR-FADEU</subfield>
    <subfield code="d">2025-10-28</subfield>
    <subfield code="i">27008</subfield>
    <subfield code="l">0</subfield>
    <subfield code="o">331.544 B457</subfield>
    <subfield code="p">27008</subfield>
    <subfield code="r">2025-10-28 00:00:00</subfield>
    <subfield code="w">2025-10-28</subfield>
    <subfield code="y">BMB</subfield>
  </datafield>
</record>
